| 000 | 01933nam0a2200361 4500 | ||
|---|---|---|---|
| 001 | RU\NLR\BIBL_A\010764620 | ||
| 005 | 20260406145337.0 | ||
| 010 |
_a978-5-94178-450-9 _91000 |
||
| 021 |
_aRU _b2015-26811 _91586 |
||
| 035 | _a(NLR Aleph) 010764620 | ||
| 035 | _a(NILC)RuMoRGB-007906952 | ||
| 090 |
_a9995117 _c9995117 |
||
| 100 | _a20150522d2015 |||y0rusy50 ca | ||
| 101 | 0 | _arus | |
| 102 | _aRU | ||
| 105 | _aa|||j||||01yy | ||
| 200 | 1 |
_aКонструкторско-технологические методы обеспечения заданных параметров точности в машиностроении _eучебное пособие для студентов высших учебных заведений, обучающихся по направлению "Конструкторско-технологическое обеспечение машиностроительных производств" _fН. М. Прис, А. Г. Схиртладзе, В. П. Пучков |
|
| 210 |
_aСтарый Оскол _cТНТ _d2015 _d[т. е. 2014] |
||
| 215 |
_a363 с. _cил. _d21 |
||
| 300 | _aКн. фактически изд. в 2014 г. | ||
| 320 | _aБиблиогр.: с. 307-309 (26 назв.) | ||
| 606 | 1 |
_aРезание металлов _jУчебные издания для высших учебных заведений _xТочность _92109836 _3RU\NLR\AUTH\661275188 |
|
| 686 | 1 | _aК63-125я73-1 | |
| 700 | 1 |
_aПрис _bН. М. _gНаталья Михайловна |
|
| 701 | 1 |
_8rus _7ca _aСхиртладзе _bА. Г. _f1943- _gАлександр Георгиевич _3RU\NLR\auth\774564 _9114542 |
|
| 701 | 1 |
_aПучков _bВ. П. _gВячеслав Павлович |
|
| 801 | 0 |
_aRU _bРГБ _c20150407 _gRCR |
|
| 801 | 1 |
_aRU _bРГБ _c20150407 _2rusmarc |
|
| 942 | _cBOOK | ||
| 980 | _aNBR | ||
| 980 | _aNB | ||